000
00305nam a2200145Ia 4500
100
_a
Mohan/Undeland Robbins
250
_a
2
942
_c
BK
654
_a
power
245
_a
Power Electronics
260
_b
John Wiley
_a
New york
_c
1995
082
_a
621.317
_b
MOH
300
_a
802
546
_a
ENGLISH
999
_c
25002
_d
25002